2857-豊中市(大阪府)の駅 - Statistics

General Stats
  • This quiz has been taken 4 times
  • The average score is 9 of 11
Answer Stats
Answer % Correct
庄内
100%
服部天神
100%
曽根
100%
岡町
100%
豊中
100%
蛍池
100%
緑地公園
100%
大阪空港
75%
千里中央
75%
柴原阪大前
50%
小路
25%
No matching quizzes found
Score Distribution
Percent of People with Each Score
Percentile by Number Answered
Your Score History
You have not taken this quiz